000 00373 a2200169 4500
001 188844
020 _a978-85-08-11238-8
040 _cMagnum
100 _aFerraresi, Carla Miucci
240 1 0 _aHistória em projetos 7
_lpor
245 1 0 _aHistória em projetos 7
300 _a280
362 0 _a2007
440 1 _aÁtica
697 _aHISTÓRIA GERAL
942 _cBK
999 _c188844
_d188844